01402cam a22002411 4500001001300000003000400013005001700017008004100034010001700075035002000092040001800112042001200130050002100142100003200163245002300195260004300218300006800261505072400329700003801053700001801091700003401109999001701143ca 17003896 DLC20260227111106.0900330s1900 hu cfh 000 0 hun  aca 17003896  a(OCoLC)21289009 aDLCcWaUdDLC apremarc00aPH3205b.A1 19001 aArany, János,d1817-1882.00aÖsszes munkái. aBudapest,bFranklin társulat,c1900. a13 v.b3 front. (ports., v. 9, 10, 12) plates, facsims.c21 cm.0 a1. köt. Kisebb költemények.--2. köt. Toldi trilógia.--3. köt. Elbeszélő költemények.--4. köt. Elbeszélő költemények. Elegyes darabok.--5. köt. Prózai dolgozatai.--6. köt. Shakspere-forditások: A szent-Iván éji álom. Hamlet, dan királyfi. János király.--7.-8. köt. Aristophanes vígjátékai: I. A lovagok. A felhők. A darázsok. A béke. Az Acharnaebeliek. A madarak. II. A békák. Lysistrate. A nők ünnepe. A nőuralom. Plutos.--9. köt Hátrahagyott versei.--10. köt Hátrahagyott prózai dolgozatai.--11.-12. köt. Levelezése iró barátaival.--13. köt. Katona József Bánk bán-ja, Arany János jegyzeteivel és tanulmányaival.1 aShakespeare, William,d1564-1616.0 aAristophanes.1 aKatona, József,d1792-1830. c15331d15331